000
00294pam a2200121 a 4500
020
_c
041
_h
082
_a
750
_b
BAI
100
_a
Martin Bailey.
245
_a
The Falia Society Book of the Greatest Paintings
_h
Textual Documents
260
_a
[s.l:
_b
s.n.]
_c
2004.
930
_a
6113
999
_c
239903
_d
239903